| 000 | 00552nam a22001817a 4500 | ||
|---|---|---|---|
| 999 |
_c26536 _d26536 |
||
| 003 | BDDh-ASL | ||
| 005 | 20231015030644.0 | ||
| 008 | 211013n p ||||| |||| 00| 0 u d | ||
| 040 |
_aBDDh-ASL _cBDDh-ASL |
||
| 082 |
_a297.61 _bWAI |
||
| 100 | 1 |
_94809 _aWaliullah, Shah |
|
| 245 | 1 | 0 | _aIzalatul Khafa, Vol.-2 : / ازالۃ الخفاء |
| 260 |
_aKarachi : _bMohammad Saeed and Sons , |
||
| 300 |
_a557 p. : _c25 cm. |
||
| 505 | _aTranslation of Original Persian | ||
| 650 | 0 |
_aCaliphate _xIslam _xKhilafat _xHistory _94819 |
|
| 942 |
_2ddc _cBK |
||